[Event "ENCI Limburg-open A"]
[Site "Maastricht"]
[Date "2011.06.12"]
[Round "4"]
[White "Offringa, Joost"]
[Black "Lenhardt, Manfred"]
[Result "1-0"]
[WhiteElo "2060"]
[BlackElo "2111"]
[PlyCount "105"]
[EventDate "2011.06.10"]
[EventType "swiss"]
[EventRounds "7"]
[EventCountry "NED"]
[Source "P.Boonen"]
[SourceDate "2012.01.01"]

1. e4 e6 2. d4 d5 3. Nd2 Nf6 4. e5 Nfd7 5. f4 c5 6. c3 Nc6 7. Ndf3 Qb6 8. Ne2
Be7 9. g3 cxd4 10. cxd4 f6 11. Bh3 fxe5 12. fxe5 O-O 13. Bf4 g5 14. Nxg5 Bxg5
15. Bxg5 Ndxe5 16. dxe5 Qf2+ 17. Kd2 Nxe5 18. Bf4 Nc4+ 19. Kc1 Rxf4 20. gxf4
Qe3+ 21. Kc2 Qxh3 22. Qd3 Qxd3+ 23. Kxd3 Nxb2+ 24. Kd4 Nc4 25. Rhg1+ Kh8 26.
Nc1 Bd7 27. Nd3 Rf8 28. Rg2 b6 29. Rag1 Nd6 30. Kc3 Ne4+ 31. Kb2 Be8 32. Ne5
Nd6 33. Rg7 a5 34. Nd7 Bxd7 35. Rxd7 Nc4+ 36. Ka1 a4 37. Re7 a3 38. Rxe6 b5 39.
f5 d4 40. f6 h6 41. f7 Kh7 42. Rgg6 Ne5 43. Rxh6+ Kg7 44. Rhf6 Nxf7 45. Rf1 d3
46. Re3 Rd8 47. Rd1 d2 48. Re2 Rc8 49. Rexd2 Ne5 50. Rf2 Rc3 51. Rg1+ Kh6 52.
Rf6+ Kh7 53. Rf5 1-0

[Event "ENCI Limburg-open A"]
[Site "Maastricht"]
[Date "2011.06.12"]
[Round "4"]
[White "Olthof, Rene"]
[Black "Harff, Marcel"]
[Result "0-1"]
[WhiteElo "2202"]
[BlackElo "2217"]
[PlyCount "62"]
[EventDate "2011.06.10"]
[EventType "swiss"]
[EventRounds "7"]
[EventCountry "NED"]
[Source "P.Boonen"]
[SourceDate "2012.01.01"]

1. e4 c5 2. Nf3 Nc6 3. d4 cxd4 4. Nxd4 d5 5. Bb5 dxe4 6. Nxc6 Qxd1+ 7. Kxd1 a6
8. Ba4 Bd7 9. Nc3 Bxc6 10. Bxc6+ bxc6 11. Nxe4 e5 12. Ke2 f5 13. Nd2 Bd6 14. b3
Bc7 15. Bb2 Nf6 16. f3 Kf7 17. Rad1 Rhe8 18. Nc4 Re6 19. g3 g5 20. Rd2 h5 21.
h3 Rae8 22. Rhd1 Kg6 23. Nd6 Rh8 24. Nb7 g4 25. h4 f4 26. gxf4 exf4+ 27. Kf2
Re3 28. Rd3 Rhe8 29. Rxe3 fxe3+ 30. Ke2 Nd5 31. fxg4 hxg4 0-1

[Event "ENCI Limburg-open A"]
[Site "Maastricht"]
[Date "2011.06.12"]
[Round "4"]
[White "Priebe, Jan"]
[Black "Ducarmon, Quinten"]
[Result "1/2-1/2"]
[WhiteElo "2252"]
[BlackElo "2347"]
[PlyCount "60"]
[EventDate "2011.06.10"]
[EventType "swiss"]
[EventRounds "7"]
[EventCountry "NED"]
[Source "P.Boonen"]
[SourceDate "2012.01.01"]

1. e4 c6 2. d4 d5 3. Nd2 dxe4 4. Nxe4 Bf5 5. Ng3 Bg6 6. Nf3 Nd7 7. h4 h6 8. h5
Bh7 9. Bd3 Bxd3 10. Qxd3 e6 11. Bd2 Ngf6 12. O-O-O Be7 13. Qe2 c5 14. c4 cxd4
15. Nxd4 O-O 16. Kb1 a6 17. Nb3 Qc7 18. Rc1 Rac8 19. Nf5 Bc5 20. Nfd4 Rfd8 21.
Be3 Qe5 22. Qf3 Qe4+ 23. Qxe4 Nxe4 24. Nxc5 Ndxc5 25. f3 Ng3 26. Rh3 Nd3 27.
Rd1 Nf5 28. Nxf5 exf5 29. b3 f4 30. Bb6 Rd7 1/2-1/2

[Event "ENCI Limburg-open A"]
[Site "Maastricht"]
[Date "2011.06.12"]
[Round "4"]
[White "Schroer, Marcel"]
[Black "Klein, Felix"]
[Result "1/2-1/2"]
[WhiteElo "2108"]
[BlackElo "2243"]
[PlyCount "84"]
[EventDate "2011.06.10"]
[EventType "swiss"]
[EventRounds "7"]
[EventCountry "NED"]
[Source "P.Boonen"]
[SourceDate "2012.01.01"]

1. e4 c5 2. Nf3 e6 3. d4 cxd4 4. Nxd4 a6 5. Nc3 b5 6. Bd3 Bb7 7. O-O Nc6 8.
Nxc6 Bxc6 9. Re1 Bc5 10. Qh5 d6 11. e5 dxe5 12. Rxe5 Nf6 13. Rxe6+ Be7 14. Qc5
fxe6 15. Qxc6+ Kf7 16. Bg5 b4 17. Bxf6 gxf6 18. Ne2 Qd5 19. Qxd5 exd5 20. Nf4
Rhd8 21. Rd1 Rac8 22. g3 h6 23. Bg6+ Kg8 24. Bf5 Rc6 25. Kg2 Rdd6 26. Rxd5 Rxd5
27. Nxd5 Kf8 28. Bd3 a5 29. Kf3 Bc5 30. h4 Bd4 31. b3 Re6 32. Nf4 Re1 33. g4
Bb2 34. Ng2 Ra1 35. Ne3 Rxa2 36. Nf5 Bc1 37. Ke4 a4 38. bxa4 Rxa4 39. Bc4 Ra3
40. Bb3 Ra7 41. f4 Rh7 42. h5 Bd2 1/2-1/2

[Event "ENCI Limburg-open A"]
[Site "Maastricht"]
[Date "2011.06.12"]
[Round "4"]
[White "Shchekachev, Andrei"]
[Black "Hovhanisian, Mher"]
[Result "1-0"]
[WhiteElo "2528"]
[BlackElo "2472"]
[PlyCount "81"]
[EventDate "2011.06.10"]
[EventType "swiss"]
[EventRounds "7"]
[EventCountry "NED"]
[Source "P.Boonen"]
[SourceDate "2012.01.01"]

1. Nf3 d5 2. d4 Nf6 3. c4 c6 4. Nc3 a6 5. a4 e6 6. Bf4 Bb4 7. e3 O-O 8. Bd3
dxc4 9. Bxc4 Nd5 10. Qb3 Qa5 11. O-O Nxf4 12. exf4 Nd7 13. Ne4 Nb6 14. Bd3 Nd5
15. g3 Be7 16. Rfc1 Nb4 17. Bc4 Qf5 18. Re1 b5 19. Bf1 Qd5 20. Qc3 Na2 21. Qe3
Nb4 22. Rec1 Rd8 23. Bg2 bxa4 24. Rxa4 Qb5 25. Raa1 Rb8 26. Ne5 a5 27. h4 f6
28. Nc4 Nd5 29. Qe2 a4 30. Nc5 Bxc5 31. dxc5 Re8 32. Qh5 g6 33. Qd1 Qxc5 34.
Rxa4 Qe7 35. h5 Rd8 36. Qe2 Rb4 37. Raa1 Kg7 38. Na5 Bd7 39. Nxc6 Bxc6 40. Rxc6
Rb6 41. Bxd5 1-0

[Event "ENCI Limburg-open A"]
[Site "Maastricht"]
[Date "2011.06.12"]
[Round "4"]
[White "Solleveld, Maarten"]
[Black "Goudriaan, Etienne"]
[Result "1-0"]
[WhiteElo "2507"]
[BlackElo "2307"]
[PlyCount "69"]
[EventDate "2011.06.10"]
[EventType "swiss"]
[EventRounds "7"]
[EventCountry "NED"]
[Source "P.Boonen"]
[SourceDate "2012.01.01"]

1. c4 g6 2. d4 Bg7 3. e4 d6 4. Nc3 Nf6 5. Nf3 O-O 6. Be2 e5 7. Be3 Ng4 8. Bg5
f6 9. Bc1 f5 10. exf5 Bxf5 11. h3 exd4 12. hxg4 dxc3 13. gxf5 cxb2 14. Qd5+ Rf7
15. Bxb2 Bxb2 16. fxg6 hxg6 17. Ng5 Qf6 18. Nxf7 Qxf7 19. Qxb7 Bc3+ 20. Kf1 Bd4
21. Qc8+ Qf8 22. Qxf8+ Kxf8 23. Rd1 Be5 24. f4 Bxf4 25. Bf3 c6 26. Bxc6 Nxc6
27. Rh8+ Ke7 28. Rxa8 Be5 29. Rc8 Kd7 30. Rg8 Ne7 31. Ra8 Nc6 32. c5 Kc7 33.
cxd6+ Bxd6 34. Rc1 Kb7 35. Rxc6 1-0

[Event "ENCI Limburg-open A"]
[Site "Maastricht"]
[Date "2011.06.12"]
[Round "4"]
[White "Surewaard, Wilbert"]
[Black "Tonndorf, Matthias"]
[Result "0-1"]
[WhiteElo "2164"]
[BlackElo "2196"]
[PlyCount "79"]
[EventDate "2011.06.10"]
[EventType "swiss"]
[EventRounds "7"]
[EventCountry "NED"]
[Source "P.Boonen"]
[SourceDate "2012.01.01"]

1. d4 Nf6 2. Nf3 e6 3. c4 b6 4. g3 Bb7 5. Bg2 c5 6. d5 exd5 7. Nh4 g6 8. Nc3 a6
9. a4 Ra7 10. cxd5 Bg7 11. O-O O-O 12. Nf3 d6 13. Nd2 Nbd7 14. Nc4 Ne8 15. Qb3
f5 16. Bf4 Be5 17. Bxe5 dxe5 18. d6 Bxg2 19. Kxg2 Kg7 20. Rad1 Nef6 21. Kg1 Qb8
22. Rd2 Qb7 23. Rfd1 f4 24. f3 e4 25. Nxe4 Nxe4 26. fxe4 fxg3 27. Rd5 gxh2+ 28.
Kh1 Nf6 29. Re5 Rf7 30. Rf1 Ng4 31. Rxf7+ Qxf7 32. Qf3 Nxe5 33. Nxe5 Qe6 34. d7
Rxd7 35. Nxd7 Qxd7 36. e5 Qf5 37. Qb7+ Kh6 38. Qxa6 Qb1+ 39. Kxh2 Qxb2 40. Kg3
0-1

[Event "ENCI Limburg-open A"]
[Site "Maastricht"]
[Date "2011.06.12"]
[Round "4"]
[White "Thingstad, Even"]
[Black "Loehnhardt, Benjamin"]
[Result "1-0"]
[WhiteElo "2199"]
[BlackElo "2058"]
[PlyCount "109"]
[EventDate "2011.06.10"]
[EventType "swiss"]
[EventRounds "7"]
[EventCountry "NED"]
[Source "P.Boonen"]
[SourceDate "2012.01.01"]

1. d4 e6 2. c4 b6 3. a3 Nf6 4. Nf3 d5 5. Nc3 Bb7 6. cxd5 Nxd5 7. Qc2 Nd7 8. e4
Nxc3 9. bxc3 c5 10. Bd3 Qc8 11. Bb2 cxd4 12. cxd4 Qxc2 13. Bxc2 Rc8 14. Bd3 Nf6
15. Nd2 Be7 16. f3 O-O 17. Ke2 Rfd8 18. Rhd1 Kf8 19. Nb3 Nd7 20. g3 Nb8 21. Rd2
Bg5 22. f4 Bf6 23. Rf1 Ba6 24. Rf3 Bc4 25. Bxc4 Rxc4 26. Rfd3 Ke8 27. Ke3 Na6
28. Kf3 Nc7 29. Na1 Nb5 30. Nc2 g6 31. e5 Be7 32. Ne3 Ra4 33. d5 Bxa3 34. Bxa3
Rxa3 35. Rxa3 Nxa3 36. d6 Kd7 37. Rb2 Rc8 38. Ng4 Rc3+ 39. Ke2 h5 40. Nf6+ Kd8
41. Kd2 Rf3 42. Ke2 Re3+ 43. Kd1 b5 44. Nh7 a5 45. Rd2 Nc4 46. Rd4 Nb6 47. Ng5
b4 48. Kc2 Rc3+ 49. Kb2 Ke8 50. Ne4 Rc6 51. Kb3 Kd8 52. Ng5 Ke8 53. Ne4 Nd7 54.
Ka4 Nc5+ 55. Kb5 1-0

[Event "ENCI Limburg-open A"]
[Site "Maastricht"]
[Date "2011.06.12"]
[Round "4"]
[White "Timmermans, Ivo"]
[Black "Perrenet, Jacob"]
[Result "1-0"]
[WhiteElo "2219"]
[BlackElo "2059"]
[PlyCount "53"]
[EventDate "2011.06.10"]
[EventType "swiss"]
[EventRounds "7"]
[EventCountry "NED"]
[Source "P.Boonen"]
[SourceDate "2012.01.01"]

1. e4 g5 2. d4 h6 3. Bd3 Bg7 4. c3 d5 5. e5 c5 6. Ne2 Nc6 7. a3 Bg4 8. f3 Be6
9. b4 cxd4 10. cxd4 Qb6 11. Nbc3 Nxd4 12. Nxd4 Bxe5 13. Be3 Kf8 14. Na4 Qd8 15.
Nxe6+ fxe6 16. Nc5 Kf7 17. Rc1 Nf6 18. Qe2 b6 19. Nb3 Qd6 20. g3 d4 21. Bd2
Rag8 22. O-O h5 23. Rce1 Nd7 24. f4 gxf4 25. Bxf4 Bxf4 26. Rxf4+ Nf6 27. Bc4
1-0

[Event "ENCI Limburg-open A"]
[Site "Maastricht"]
[Date "2011.06.12"]
[Round "4"]
[White "Van Liempt, Michael"]
[Black "Fuhs, Juergen"]
[Result "1-0"]
[WhiteElo "1891"]
[BlackElo "2133"]
[PlyCount "91"]
[EventDate "2011.06.10"]
[EventType "swiss"]
[EventRounds "7"]
[EventCountry "NED"]
[Source "P.Boonen"]
[SourceDate "2012.01.01"]

1. e4 c5 2. Nc3 Nc6 3. f4 e6 4. Nf3 a6 5. g3 d6 6. Bg2 Nf6 7. d3 Be7 8. O-O O-O
9. h3 d5 10. e5 Nd7 11. Qe1 Qc7 12. Rf2 b5 13. Kh2 b4 14. Nd1 a5 15. c3 Ba6 16.
d4 bxc3 17. bxc3 cxd4 18. cxd4 Nb4 19. Qd2 Nd3 20. Rf1 Rfc8 21. Nf2 Nb4 22. Rg1
Nc2 23. Rb1 Bb4 24. Qd1 h6 25. f5 exf5 26. Nh4 Qc6 27. Nxf5 Bf8 28. Qg4 Kh8 29.
Qf3 Bc4 30. Rb2 Qa4 31. Ne3 Nxe3 32. Bxe3 Kg8 33. Ng4 Qc6 34. Rf2 Qe6 35. Bc1
Rd8 36. Ne3 Nb6 37. h4 Ra7 38. Bh3 Qc6 39. g4 g6 40. Nf5 Kh7 41. Qf4 gxf5 42.
gxf5 f6 43. Rg6 fxe5 44. dxe5 Qxg6 45. fxg6+ Kg8 46. Be6+ 1-0

[Event "ENCI Limburg-open A"]
[Site "Maastricht"]
[Date "2011.06.12"]
[Round "4"]
[White "Voicu, Carmen"]
[Black "Coenen, Eduard"]
[Result "0-1"]
[WhiteElo "2303"]
[BlackElo "2093"]
[PlyCount "66"]
[EventDate "2011.06.10"]
[EventType "swiss"]
[EventRounds "7"]
[EventCountry "NED"]
[Source "P.Boonen"]
[SourceDate "2012.01.01"]

1. e4 g6 2. d4 Bg7 3. Nf3 d6 4. c3 Nc6 5. Bg5 h6 6. Be3 Nf6 7. Bd3 O-O 8. h3 e5
9. d5 Ne7 10. g4 c6 11. c4 cxd5 12. cxd5 Nexd5 13. exd5 e4 14. Nc3 Re8 15. Be2
exf3 16. Bxf3 Nd7 17. Qd2 Qf6 18. Be2 b5 19. Nxb5 Ba6 20. Nc7 Rxe3 21. fxe3 Rb8
22. Nxa6 Rxb2 23. Qd3 Qh4+ 24. Kd1 Ne5 25. Qe4 Qf2 26. Re1 Nxg4 27. Qxg4 Qxe3
28. Qb4 Rxb4 29. Nxb4 Bc3 30. Kc2 Qd2+ 31. Kb3 Qb2+ 32. Kc4 Qxb4+ 33. Kd3 Bxe1
0-1

[Event "ENCI Limburg-open A"]
[Site "Maastricht"]
[Date "2011.06.12"]
[Round "4"]
[White "Vrancken, Gilbert"]
[Black "Roos, Adrian"]
[Result "0-1"]
[WhiteElo "2189"]
[BlackElo "2127"]
[PlyCount "74"]
[EventDate "2011.06.10"]
[EventType "swiss"]
[EventRounds "7"]
[EventCountry "NED"]
[Source "P.Boonen"]
[SourceDate "2012.01.01"]

1. e4 c5 2. Nf3 d6 3. d4 cxd4 4. Nxd4 Nf6 5. Nc3 a6 6. Bg5 e6 7. f4 Be7 8. Qf3
Qc7 9. O-O-O Nbd7 10. Bd3 h6 11. Bh4 g5 12. fxg5 Ne5 13. Qe2 Nfg4 14. Nf3 hxg5
15. Bxg5 Bxg5+ 16. Nxg5 Qc5 17. Nh3 Bd7 18. Rd2 O-O-O 19. Nd1 Kb8 20. Ndf2 Ne3
21. Nf4 Rc8 22. b3 Rc6 23. Kb1 Rb6 24. c3 N3c4 25. Bxc4 Nxc4 26. Rd4 Rc8 27.
Ka1 Na3 28. Qd2 Nc2+ 29. Kb2 Nxd4 30. cxd4 Qg5 31. h4 Qg7 32. h5 Rbc6 33. h6
Rc2+ 34. Qxc2 Qxd4+ 35. Kb1 Rxc2 36. Kxc2 Qxf2+ 37. Kb1 Bc6 0-1

[Event "ENCI Limburg-open A"]
[Site "Maastricht"]
[Date "2011.06.12"]
[Round "4"]
[White "Wiley, Tom E"]
[Black "De Wit, Albert"]
[Result "1-0"]
[WhiteElo "2296"]
[BlackElo "2054"]
[PlyCount "109"]
[EventDate "2011.06.10"]
[EventType "swiss"]
[EventRounds "7"]
[EventCountry "NED"]
[Source "P.Boonen"]
[SourceDate "2012.01.01"]

1. d4 g6 2. c4 Bg7 3. e4 d6 4. Nc3 Nd7 5. Be2 e5 6. d5 Ne7 7. h4 f5 8. h5 a5 9.
Nf3 Nc5 10. Bg5 fxe4 11. Nd2 h6 12. Bxe7 Qxe7 13. Ndxe4 Nxe4 14. Nxe4 g5 15.
Bg4 O-O 16. g3 b6 17. Bxc8 Raxc8 18. Qg4 Qf7 19. Ke2 Qf5 20. Qxf5 Rxf5 21. b3
Rff8 22. a3 Rfd8 23. Rhd1 Kf7 24. Rd2 Bf8 25. g4 Ra8 26. f3 Kg7 27. Rb1 Be7 28.
Rd3 Rdb8 29. b4 axb4 30. axb4 Ra2+ 31. Rd2 Ra3 32. Rd3 Ra2+ 33. Ke3 Ra4 34.
Rdb3 Rba8 35. c5 dxc5 36. bxc5 Rxe4+ 37. fxe4 Bxc5+ 38. Kd3 Ra4 39. Re1 Ra2 40.
Rc1 Rg2 41. Rxc5 bxc5 42. Rb7 c4+ 43. Kxc4 Kf6 44. Kc5 Rxg4 45. Rxc7 Rxe4 46.
Rh7 g4 47. Rxh6+ Kg5 48. Rh8 g3 49. Rg8+ Kf4 50. h6 Kf3 51. h7 Rh4 52. h8=Q
Rxh8 53. Rxh8 e4 54. Rf8+ Kg2 55. Kd4 1-0

[Event "ENCI Limburg-open A"]
[Site "Maastricht"]
[Date "2011.06.12"]
[Round "4"]
[White "Wilschut, Peter"]
[Black "Beijerinck, Nick"]
[Result "1/2-1/2"]
[WhiteElo "2214"]
[BlackElo "2060"]
[PlyCount "43"]
[EventDate "2011.06.10"]
[EventType "swiss"]
[EventRounds "7"]
[EventCountry "NED"]
[Source "P.Boonen"]
[SourceDate "2012.01.01"]

1. e4 c5 2. Nf3 e6 3. d3 Nc6 4. g3 d6 5. Bg2 g6 6. O-O Bg7 7. c3 Nge7 8. Qe2
O-O 9. a4 b6 10. Na3 Bb7 11. Nh4 a6 12. f4 Re8 13. e5 dxe5 14. fxe5 Bxe5 15.
Bg5 Qc7 16. Nc4 Bg7 17. Qf2 Rf8 18. Bf6 Bxf6 19. Qxf6 Nd5 20. Bxd5 exd5 21. Nf5
gxf5 22. Qg5+ 1/2-1/2

[Event "ENCI Limburg-open A"]
[Site "Maastricht"]
[Date "2011.06.12"]
[Round "5"]
[White "Beijerinck, Nick"]
[Black "Michielsen, Joost"]
[Result "0-1"]
[WhiteElo "2060"]
[BlackElo "2338"]
[PlyCount "83"]
[EventDate "2011.06.10"]
[EventType "swiss"]
[EventRounds "7"]
[EventCountry "NED"]
[Source "P.Boonen"]
[SourceDate "2012.01.01"]

1. e4 c5 2. Nf3 e6 3. d4 cxd4 4. Nxd4 Nf6 5. Nc3 d6 6. Be3 a6 7. Be2 Qc7 8. a4
Be7 9. O-O O-O 10. Nb3 b6 11. f4 Bb7 12. Bf3 Nbd7 13. Qe1 Nc5 14. Nxc5 bxc5 15.
Rd1 Rfd8 16. Qf2 d5 17. e5 d4 18. exf6 dxe3 19. Qxe3 Bxf6 20. Ne2 Bxf3 21. Qxf3
Bxb2 22. c3 c4 23. f5 Qc5+ 24. Kh1 exf5 25. Qb7 Ba3 26. Rd7 Rdb8 27. Qf3 g6 28.
Nd4 Rd8 29. Rd1 Qb6 30. Rb7 Qf6 31. Rc7 Rac8 32. Qb7 Rxc7 33. Qxc7 Bd6 34. Qxc4
Qh4 35. h3 Qf4 36. Kg1 Qh2+ 37. Kf2 Bg3+ 38. Kf3 Bh4 39. Qc6 Qe5 40. g3 Qxg3+
41. Ke2 Qxh3 42. Kd2 0-1

[Event "ENCI Limburg-open A"]
[Site "Maastricht"]
[Date "2011.06.12"]
[Round "5"]
[White "Bekker, Stefan"]
[Black "Berg, Emanuel"]
[Result "0-1"]
[WhiteElo "2162"]
[BlackElo "2608"]
[PlyCount "55"]
[EventDate "2011.06.10"]
[EventType "swiss"]
[EventRounds "7"]
[EventCountry "NED"]
[Source "P.Boonen"]
[SourceDate "2012.01.01"]

1. d4 Nf6 2. c4 g6 3. Nc3 Bg7 4. e4 d6 5. Nf3 O-O 6. Be2 e5 7. O-O Nc6 8. d5
Ne7 9. Ne1 Nd7 10. Nd3 f5 11. Bd2 Kh8 12. Rc1 fxe4 13. Nxe4 Nf5 14. Bg4 Nf6 15.
Bg5 h6 16. Bxf6 Bxf6 17. c5 Bg7 18. Kh1 Qh4 19. cxd6 Nxd6 20. Bxc8 Raxc8 21.
Nxd6 cxd6 22. Rxc8 Rxc8 23. Qb3 e4 24. Qxb7 Rf8 25. Qb4 g5 26. Nc1 Rxf2 27. Qe1
Be5 28. h3 0-1

[Event "ENCI Limburg-open A"]
[Site "Maastricht"]
[Date "2011.06.12"]
[Round "5"]
[White "Bezemer, Arno"]
[Black "Goes, Sten"]
[Result "1-0"]
[WhiteElo "2335"]
[BlackElo "2099"]
[PlyCount "71"]
[EventDate "2011.06.10"]
[EventType "swiss"]
[EventRounds "7"]
[EventCountry "NED"]
[Source "P.Boonen"]
[SourceDate "2012.01.01"]

1. e4 c5 2. Nf3 d6 3. d4 cxd4 4. Nxd4 Nf6 5. Nc3 a6 6. Bg5 e6 7. f4 Be7 8. Qf3
Qc7 9. O-O-O Nbd7 10. g4 h6 11. Bxf6 Bxf6 12. h4 Qb6 13. Nce2 Be7 14. g5 hxg5
15. hxg5 Rxh1 16. Qxh1 Nf8 17. Qh8 e5 18. Nf5 Bxf5 19. exf5 exf4 20. f6 gxf6
21. gxf6 Qe3+ 22. Kb1 Qe5 23. Qh1 Bxf6 24. Qxb7 Rd8 25. Nd4 Ne6 26. Nc6 Qh5 27.
Re1 Rd7 28. Qc8+ Bd8 29. Bd3 Qh4 30. Rg1 f3 31. a3 Qh8 32. Bxa6 f2 33. Rf1 Rc7
34. Qa8 Qh7 35. Bb5 Qf5 36. Nd4+ 1-0

[Event "ENCI Limburg-open A"]
[Site "Maastricht"]
[Date "2011.06.12"]
[Round "5"]
[White "Bijlsma, Nick"]
[Black "Priebe, Jan"]
[Result "1/2-1/2"]
[WhiteElo "2177"]
[BlackElo "2252"]
[PlyCount "42"]
[EventDate "2011.06.10"]
[EventType "swiss"]
[EventRounds "7"]
[EventCountry "NED"]
[Source "P.Boonen"]
[SourceDate "2012.01.01"]

1. e4 c5 2. Nf3 Nc6 3. Nc3 e5 4. Bc4 Be7 5. d3 d6 6. Nd2 Bg5 7. h4 Bh6 8. g4
Bf4 9. Nd5 Bxd2+ 10. Bxd2 Nge7 11. Ne3 Be6 12. Qf3 Qd7 13. O-O-O O-O-O 14. Rde1
f6 15. Bxe6 Qxe6 16. Nd5 Rhf8 17. Qg2 Qd7 18. Nxe7+ Nxe7 19. f4 Nc6 20. Ref1
Nd4 21. Be3 Qa4 1/2-1/2

[Event "ENCI Limburg-open A"]
[Site "Maastricht"]
[Date "2011.06.12"]
[Round "5"]
[White "Bomans, Arno"]
[Black "Surewaard, Wilbert"]
[Result "1/2-1/2"]
[WhiteElo "2200"]
[BlackElo "2164"]
[PlyCount "27"]
[EventDate "2011.06.10"]
[EventType "swiss"]
[EventRounds "7"]
[EventCountry "NED"]
[Source "P.Boonen"]
[SourceDate "2012.01.01"]

1. d4 d5 2. c4 c6 3. Nf3 Nf6 4. Nc3 e6 5. Bg5 dxc4 6. e4 b5 7. e5 h6 8. Bh4 g5
9. Nxg5 Nd5 10. Nxf7 Qxh4 11. Nxh8 Bb4 12. Rc1 Qe4+ 13. Be2 Nf4 14. f3 1/2-1/2

[Event "ENCI Limburg-open A"]
[Site "Maastricht"]
[Date "2011.06.12"]
[Round "5"]
[White "Bus, Tom"]
[Black "Wiley, Tom E"]
[Result "0-1"]
[WhiteElo "2206"]
[BlackElo "2296"]
[PlyCount "50"]
[EventDate "2011.06.10"]
[EventType "swiss"]
[EventRounds "7"]
[EventCountry "NED"]
[Source "P.Boonen"]
[SourceDate "2012.01.01"]

1. c4 Nf6 2. g3 c6 3. Bg2 d5 4. Nf3 dxc4 5. O-O Nbd7 6. Na3 Nb6 7. Qc2 Qd5 8.
Ne1 Qh5 9. Nxc4 Qc5 10. b3 Nxc4 11. Bb2 Bg4 12. d4 Qh5 13. Qxc4 Bxe2 14. Qc2
Qb5 15. a4 Qa6 16. Nf3 Qd3 17. Qxd3 Bxd3 18. Rfe1 Be4 19. Rxe4 Nxe4 20. Ne5 f5
21. Re1 e6 22. g4 Bb4 23. Re2 O-O 24. Nd3 a5 25. f3 Nc3 0-1

[Event "ENCI Limburg-open A"]
[Site "Maastricht"]
[Date "2011.06.12"]
[Round "5"]
[White "Coenen, Eduard"]
[Black "Braun, Christian1"]
[Result "0-1"]
[WhiteElo "2093"]
[BlackElo "2388"]
[PlyCount "126"]
[EventDate "2011.06.10"]
[EventType "swiss"]
[EventRounds "7"]
[EventCountry "NED"]
[Source "P.Boonen"]
[SourceDate "2012.01.01"]

1. d4 Nf6 2. Nf3 d6 3. g3 g6 4. Bg2 Bg7 5. O-O O-O 6. c4 c6 7. Nc3 Qa5 8. h3 e5
9. Qa4 Qc7 10. c5 dxc5 11. dxe5 Nd5 12. Nxd5 cxd5 13. Qh4 Nc6 14. Bh6 Be6 15.
Rac1 b6 16. b4 c4 17. e4 Rad8 18. b5 Nb4 19. exd5 Bxd5 20. Bxg7 Kxg7 21. Ng5 h6
22. Nf3 Rfe8 23. Qf6+ Kg8 24. Rfd1 Nxa2 25. Rc2 Nb4 26. Rcc1 c3 27. Qf4 c2 28.
Rd2 Bxf3 29. Bxf3 Nd3 30. Rdxc2 Qxc2 31. Rxc2 Nxf4 32. gxf4 Rd4 33. f5 Rf4 34.
Bc6 Rxe5 35. fxg6 fxg6 36. Rd2 Re7 37. f3 Kg7 38. Kg2 Rf6 39. Rd8 a6 40. h4
axb5 41. Bxb5 h5 42. Bc4 Rc7 43. Bd5 Rc5 44. Rd7+ Kf8 45. Be4 Re5 46. Rb7 Ke8
47. Kg3 Kd8 48. Rg7 Ree6 49. Bd5 Rd6 50. Be4 b5 51. Kf2 b4 52. Rg8+ Kc7 53. Ra8
Ra6 54. Rg8 b3 55. Rg7+ Kd8 56. Rg8+ Ke7 57. Ke3 Rfd6 58. Kf4 b2 59. Kg5 Rab6
60. Bb1 Rd5+ 61. Kh6 Rd1 62. Rxg6 Rxg6+ 63. Bxg6 Rd6 0-1

[Event "ENCI Limburg-open A"]
[Site "Maastricht"]
[Date "2011.06.12"]
[Round "5"]
[White "Dambacher, Martijn"]
[Black "Klein, David"]
[Result "1-0"]
[WhiteElo "2500"]
[BlackElo "2359"]
[PlyCount "65"]
[EventDate "2011.06.10"]
[EventType "swiss"]
[EventRounds "7"]
[EventCountry "NED"]
[Source "P.Boonen"]
[SourceDate "2012.01.01"]

1. d4 Nf6 2. c4 e6 3. Nf3 d5 4. Nc3 dxc4 5. e3 a6 6. Bxc4 b5 7. Bd3 c5 8. a4 b4
9. Ne4 Nbd7 10. O-O Bb7 11. Ned2 cxd4 12. exd4 Nc5 13. Bc2 Nce4 14. a5 Be7 15.
Ba4+ Kf8 16. Nc4 Nd5 17. Nfe5 Nef6 18. Qe2 h5 19. Bg5 Kg8 20. Rfe1 Ng4 21. Nxf7
Qc7 22. Nfd6 Nde3 23. Bxe7 Qxe7 24. fxe3 Qh4 25. g3 Qh3 26. Nxb7 h4 27. Bd7 Rh6
28. Qg2 Qxg2+ 29. Kxg2 hxg3 30. Kxg3 Nxh2 31. Re2 Rg6+ 32. Kxh2 Kf7 33. Kh1 1-0

[Event "ENCI Limburg-open A"]
[Site "Maastricht"]
[Date "2011.06.12"]
[Round "5"]
[White "De Cauter, Wolfgang"]
[Black "Mueer, Sebastian"]
[Result "0-1"]
[WhiteElo "2014"]
[BlackElo "2257"]
[PlyCount "96"]
[EventDate "2011.06.10"]
[EventType "swiss"]
[EventRounds "7"]
[EventCountry "NED"]
[Source "P.Boonen"]
[SourceDate "2012.01.01"]

1. c4 c5 2. g3 Nc6 3. Bg2 g6 4. Nc3 Bg7 5. Rb1 e6 6. d3 Nge7 7. Be3 d6 8. Qc1
Nf5 9. Bd2 O-O 10. e4 Ne5 11. Bf1 Nd4 12. Be2 f5 13. f4 Nxe2 14. Kxe2 Nc6 15.
Nf3 b6 16. Kf2 Bb7 17. Re1 Qd7 18. a3 Rae8 19. Kg1 h6 20. Be3 Ne7 21. Bf2 g5
22. fxg5 fxe4 23. gxh6 exf3 24. Qg5 Nf5 25. hxg7 Nxg7 26. Qg4 Rf5 27. Ne4 Ref8
28. Re3 Qe7 29. h4 e5 30. Qg6 Bxe4 31. dxe4 R5f6 32. Qg4 Qf7 33. b3 Rg6 34. Qh3
Ne6 35. Kf1 Nd4 36. Rc1 b5 37. Rd3 bxc4 38. bxc4 Qb7 39. Re3 Qb2 40. Ree1 Qxa3
41. h5 Rg7 42. h6 Qd3+ 43. Kg1 Rg6 44. Qh5 Kh7 45. Ra1 Rf7 46. Rad1 Ne2+ 47.
Kh2 Qxe4 48. Be3 Nxg3 0-1

[Event "ENCI Limburg-open A"]
[Site "Maastricht"]
[Date "2011.06.12"]
[Round "5"]
[White "De Wit, Albert"]
[Black "Heinichen, Nils"]
[Result "0-1"]
[WhiteElo "2054"]
[BlackElo "2058"]
[PlyCount "152"]
[EventDate "2011.06.10"]
[EventType "swiss"]
[EventRounds "7"]
[EventCountry "NED"]
[Source "P.Boonen"]
[SourceDate "2012.01.01"]

1. e4 c5 2. c3 d5 3. exd5 Qxd5 4. d4 Nf6 5. Nf3 Nc6 6. dxc5 Qxd1+ 7. Kxd1 Bg4
8. Be3 e5 9. b4 e4 10. h3 Bh5 11. g4 Nxg4 12. hxg4 Bxg4 13. Nbd2 exf3 14. Bd3
f5 15. Kc2 Be7 16. Bc4 Bf6 17. Rae1 Kf8 18. Bf4 g5 19. Bd6+ Kg7 20. b5 Nd8 21.
Bd5 a6 22. a4 axb5 23. axb5 Ra5 24. b6 h5 25. Ra1 Rxa1 26. Rxa1 Rh7 27. Ra7 Kg6
28. Bc7 h4 29. Nxf3 f4 30. Nh2 Bf5+ 31. Kb3 Ne6 32. Bd6 Be7 33. Kb4 Bxd6 34.
cxd6 Nd8 35. f3 Rd7 36. Kc5 Ne6+ 37. Bxe6 Bxe6 38. Ra8 Kf6 39. Ra1 Rd8 40. Rd1
Rc8+ 41. Kb4 Bd7 42. c4 Re8 43. Rd2 Re1 44. c5 h3 45. Ng4+ Ke6 46. Rh2 Rb1+ 47.
Kc3 Rc1+ 48. Kd4 Rd1+ 49. Kc3 Rc1+ 50. Kd4 Bb5 51. Rxh3 Rc4+ 52. Kd3 Rxc5+ 53.
Kd2 Rd5+ 54. Kc3 Rxd6 55. Rh6+ Kd5 56. Rh5 Rg6 57. Nf2 Kc6 58. Ne4 g4 59. fxg4
Kxb6 60. g5 Bc6 61. Kd4 Ka5 62. Rh4 Bxe4 63. Kxe4 Rxg5 64. Rxf4 Rc5 65. Kd3 b5
66. Rf8 Kb4 67. Kd2 Kb3 68. Rf3+ Kb2 69. Rf8 b4 70. Kd3 b3 71. Ra8 Kb1 72. Kd2
b2 73. Rb8 Ra5 74. Kc3 Ra3+ 75. Kd2 Ka1 76. Kc2 Ra2 0-1